What do you think (Record no. 325259)

000 -LEADER
fixed length control field 00225 a2200097 4500
001 - CONTROL NUMBER
control field 90186
082 ## - DEWEY DECIMAL CLASSIFICATION NUMBER
Classification number 158.121 BUR
090 ## - LOCALLY ASSIGNED LC-TYPE CALL NUMBER (OCLC); LOCAL CALL NUMBER (RLIN)
-- 42526
-- 42526
245 ## - TITLE STATEMENT
Title What do you think
260 ## - PUBLICATION, DISTRIBUTION, ETC.
Place of publication, distribution, etc. New zealand
Name of publisher, distributor, etc. Langen Scheiding
Date of publication, distribution, etc. 1999
942 ## - ADDED ENTRY ELEMENTS (KOHA)
Institution code [OBSOLETE] NUST-CAE
Call number prefix 158.121 BUR
Holdings
Withdrawn status Lost status Damaged status Not for loan Collection code Permanent Location Current Location Date acquired Total Checkouts Full call number Barcode Date last seen Price effective from Koha item type
          College of Aeronautical Engineering (CAE) College of Aeronautical Engineering (CAE) 04/03/2017   158.121 BUR CAE79654 04/05/2017 04/05/2017 Book
© 2023 Central Library, National University of Sciences and Technology. All Rights Reserved.